00303nam a2200121Ia 4500008004100000082001400041100001600055245002500071260002800096300000700124630002500131730002500156100122s9999 xx 000 0 und d b68482a30 aLAKHANI P P a1001 WORDS DICTONARY bALKA PUBLICATIONSc2003 a95 a1001 WORDS DICTONARY a1001 WORDS DICTONARY